| 000 | 00566nam a2200193Ia 4500 | ||
|---|---|---|---|
| 003 | GCL | ||
| 008 | 140319s9999 xx 000 0 ara d | ||
| 020 | _a1634213977 | ||
| 040 |
_aGCL / _cGCL |
||
| 082 | 0 | 4 |
_a276 _bع ك |
| 100 | 1 | _aعزت شاكر | |
| 245 | 1 | 0 |
_aالكنائس السبع وقضايا العصر / _cعزت شاكر |
| 260 |
_aالقاهرة : _bدار الثقافة ، _c2002 |
||
| 300 |
_a145 ص ؛ _c20 سم |
||
| 650 | 0 | 4 | _aالكنائس |
| 650 | 0 | 4 | _aالكنائس - تاريخ |
| 650 | 0 | 4 | _aالكنائس السبع |
| 942 |
_2ddc _cBK |
||
| 999 |
_c4752 _d4752 |
||